000 00448nam a2200181Ia 4500
003 GCL
008 140319s9999 xx 000 0 eng d
040 _aGCL /
_cGCL
082 0 4 _a380.1
_bC M
100 1 _aCHEE,HAROLD
245 1 0 _aMARKETING A GLOBAL PERSPECTIVE /
_cCHEE,HAROLD
700 1 _aHARRIS,ROD
260 _a[S.N] :
_bPITMAN PUBLISHING ،
_c1993
300 _a383 P
650 0 4 _aBUSINESS
650 0 4 _aMARKETING
942 _2ddc
_cBK
999 _c14983
_d14983